000 01518nam a2200361 c 4500
003 BLK
005 20250411123155.0
008 180411b bul|||||r ||||||| ||bul||
010 _aKNG00186839000
020 _a978-954-399-143-3
_bиздат.: Санома Блясък България
040 _aBLK
041 _aBUL
_cBUL
072 7 _2bullib
_aН8301
_xТрилъри Н
080 _aАмериканска литература (на САЩ)
_b821.111(73)
_x-312.4
_z821.111(73)-312.4
700 1 _aКобен, Харлан
_e*
_979932
100 1 _aКоубън, Харлан
_eпърви автор
_983442
700 _aГлавусанов, Павел Грозданов
_9241906
139 _aКобен, Харлан
_bК 70
245 1 0 _aГората
_bРоман
_c* Харлан Кобен; Харлан Коубън; прев. от англ. Павел Грозданов Главусанов.
257 _aUSA
260 София
_bСанома Блясък България
_c2015
_fСофия : Ропринт
300 _a304 с.
_c20 см
380 _aX
490 1 _aМайстори на трилъра
_v8
500 _aОриг. загл.: The woods / Harlan Coben. - Кн. се разпространява със сп. Story
659 _aН
852 _aЦб 279755
856 4 _qpdf
_u
856 4 _qpdf
_u
942 _cKNG
_n0
_022
944 _aCR
_c07.03.2016
_k30575
_lМартин Енчев
944 _aED
_c17.03.2016
_kГеновева_Генчева
999 _c178138
_d178138